01556nam a2200253 a 450000100100000000500170001000800410002704000250006808200180009310000550011124500530016626000610021930000210028065000580030165000300035965100530038991000370044295201280047995201280060795201600073595201920089595201980108799900170128500002187220240501121535.0100914s1925 dr 000 0 spa d aDO-SdBNPbspacBNPHU a306.08bH519n1 aHenríquez i Carvajal, Federico,d1848-19529779210aNacionalismo /cFederico Henríquez i Carvajal. aSanto Domingo :bImprenta de J. R. vda. García,c1925. a251 p. ;c26 cm. 4aIdentidad nacionalxEnsayos, conferencias, etc.92001 0aIdentidad colectiva91723 4aRepública DominicanaxCondiciones Sociales946 aValidado. Control de calidad EMS 001054708RVaGRbGRcHDd2011-08-08iLF1l0o306.08 H519np21872-30r2020-06-25te. 3w2020-06-25y4ZPréstamo en sala 001054708RVaGRbGRcHDd2011-08-09iLF1l0o306.08 H519np21872-40r2020-06-25te. 4w2020-06-25y4ZPréstamo en sala 001054708RVaGRbGRcHDd2011-08-17iLF1l0o306.08 H519np21872-50r2020-06-25te. 5w2020-06-25y4zDonación Familia Reyes DulucZPréstamo en sala 001050718RVaPDbPDcHDd2010-09-14iLF1l0o306.08 H519np21872-10r2020-06-25w2020-06-25y1zPerteneció a la biblioteca personal de Federico Henríquez y Carvajal.ZNo se presta 001050718RVaPDbPDcHDd2011-08-08iLF1l0o306.08 H519np21872-20r2020-06-25te. 2w2020-06-25y1zPerteneció a la biblioteca personal de Federico Henríquez y Carvajal.ZNo se presta c21370d21370